Phân tích dung dịch mạ điện

Spremljeno u:
Bibliografski detalji
Glavni autor: Trần Minh Hoàng biên dịch
Format: Knjiga
Jezik:Vietnamese
Izdano: Bách Khoa 2007
Teme:
Oznake: Dodaj oznaku
Bez oznaka, Budi prvi tko označuje ovaj zapis!
Thư viện lưu trữ: Mạng thư viện Đại học Đà Nẵng
LEADER 00976nam a2200313 a 4500
001 000003368
003 03188
005 20171229145311.0
008 171229s2007 vie
040 |a LSK 
041 0 |a VIE 
082 0 |a 671.732  |b Ph-T 
100 1 |a Trần Minh Hoàng biên dịch 
245 0 0 |a Phân tích dung dịch mạ điện 
260 |b Bách Khoa  |c 2007 
300 |a 316 pages  |c 20,5 cm. 
653 |a Mạ điện - Công nghệ 
852 |a Phòng Đọc 
901 |a 1 
927 |a Sách tham khảo 
OWN |a LSK 
AVA |a UDN50  |b LSK  |d 671.732 Ph-T  |e available  |t Error 5001 Not defined in file expand_doc_bib_avail.  |f 1  |g 0  |h N  |i 0  |k 1 
999 |a From the UDN01 
AVA |a UDN50  |b LSK  |d 671.732 Ph-T  |e available  |t Error 5001 Not defined in file expand_doc_bib_avail.  |f 1  |g 0  |h N  |i 0  |k 1 
TYP |a Monograph 
TYP |a Printed language 
980 |a Mạng thư viện Đại học Đà Nẵng